[Event " Standard Chess Senior Masters Cup #2"]
[Site "SchemingMind.com"]
[Date "2007.06.03"]
[Round "-"]
[White "demiurg"]
[Black "kryspin11"]
[Result "1/2-1/2"]
[WhiteCountry "HUN"]
[BlackCountry "POL"]
[WhiteElo "2313"]
[WhiteRD "71"]
[BlackElo "2289"]
[BlackRD "79"]
[GameID "107733"]

1. e4 c5 2. Nf3 e6 3. d4 cxd4 4. Nxd4 Nc6 5. Nb5 d6 6. c4 Nf6 7. N5c3 a6 8. Na3 Be7 9. Be2 b6 10. O-O Bb7
11. Be3 O-O 12. Rc1 Re8 13. f4 d5 14. cxd5 exd5 15. Nxd5 Nxd5 16. Qxd5 Qxd5 17. exd5 Nb4 18. Bxb6 Bf6 19. Bf3 Bxb2 20. Rb1 Bxa3
21. d6 Bc6 22. Bc5 Red8 23. Bxc6 Rac8 24. Bxb4 Bxb4 25. Rxb4 Rxc6 26. Rd1 Kf8 27. d7 Rc7 28. Rbd4 Ra7 29. R1d3 Ke7 30. Re4+ Kf8
31. Ra4 Ke7 32. Rda3 Rdxd7 33. Rxa6 Rxa6 34. Rxa6 Rd2 35. a4 Ra2 36. h3 h5 37. h4 f6 38. Kh2 Kd7 39. a5 Kc7 40. Ra7+ Kd6
41. Rxg7 Rxa5 42. g3=
1/2-1/2